A passion for excellence : The leadership difference

Kaydedildi:
Detaylı Bibliyografya
Yazar: Peters, Tom
Materyal Türü: Kitap
Dil:Undetermined
Baskı/Yayın Bilgisi: London Fontana/Collins 1986
Konular:
Etiketler: Etiketle
Etiket eklenmemiş, İlk siz ekleyin!
Thư viện lưu trữ: Trung tâm Học liệu Trường Đại học Cần Thơ
LEADER 00533nam a2200205Ia 4500
001 CTU_86254
008 210402s9999 xx 000 0 und d
082 |a 658.4 
082 |b P481 
100 |a Peters, Tom 
245 2 |a A passion for excellence : 
245 4 |b The leadership difference 
245 0 |c Tom Peters 
260 |a London 
260 |b Fontana/Collins 
260 |c 1986 
650 |a Industrial management 
650 |z United states 
904 |i Năm 
980 |a Trung tâm Học liệu Trường Đại học Cần Thơ